书目信息 |
| 题名: |
跟着节日去旅行
|
|
| 作者: | 杨小波 著 ;徐秀如 绘 | |
| 分册: | 夏季篇 | |
| 出版信息: | 北京 中国盲文出版社 2019.08 |
|
| 页数: | 111页 | |
| 开本: | 21cm | |
| 丛书名: | ||
| 单 册: | ||
| 中图分类: | K891.1-49 | |
| 科图分类: | ||
| 主题词: | 节日--jie ri--风俗习惯--世界--儿童读物 | |
| 电子资源: | ||
| ISBN: | 978-7-5002-8018-7 | |
| 000 | 01209nam0 2200241 450 | |
| 001 | 0109110128 | |
| 005 | 20201109110336.0 | |
| 010 | @a978-7-5002-8018-7@dCNY22.00 | |
| 100 | @a20200713d2019 cd y0chiy50 ea | |
| 101 | 0 | @achi |
| 102 | @aCN@b110000 | |
| 105 | @aa z 000yy | |
| 106 | @ar | |
| 200 | 1 | @a跟着节日去旅行@Agen zhe jie ri qu lv xing@i夏季篇@f杨小波著@g徐秀如绘 |
| 210 | @a北京@c中国盲文出版社@d2019.08 | |
| 215 | @a111页@c图@d21cm | |
| 330 | @a本书引进台湾萤火虫出版社版权,全套四本,按季节分册,分别介绍每个季节中的节日,读者对象为小学低年级儿童,也可作为学龄前儿童的亲子读物。这一本《跟着节日去旅行夏季篇》主要包含四个节日——儿童节、端午节、七夕和父亲节,每个节日下设不同单元,有介绍节日来历的掌故传说,有由这个节日衍生出来的原创故事,有和这个节日相关的诗词歌赋,有同一节日世界各地不同的风俗习惯,也会教小朋友亲手制作节日点心、节日礼品等等,内容涵盖丰富,语言生动有趣,配以插图,是一本很好的帮助孩子认识节日、了解节日典故、进行中华传统文化渗透的儿童读物。 | |
| 606 | 0 | @a节日@Ajie ri@x风俗习惯@y世界@j儿童读物 |
| 690 | @aK891.1-49@v5 | |
| 701 | 0 | @a杨小波@AYang Xiao Bo@4著 |
| 702 | 0 | @a徐秀如@Axu xiu ru@4绘 |
| 801 | 0 | @aCN@bBJSZM@c20201103 |
| 905 | @b1267663-5@dK891.1-49@e351@f3 | |
| 跟着节日去旅行.夏季篇/杨小波著/徐秀如绘.-北京:中国盲文出版社,2019.08 |
| 111页:图;21cm |
| ISBN 978-7-5002-8018-7:CNY22.00 |
| 本书引进台湾萤火虫出版社版权,全套四本,按季节分册,分别介绍每个季节中的节日,读者对象为小学低年级儿童,也可作为学龄前儿童的亲子读物。这一本《跟着节日去旅行夏季篇》主要包含四个节日——儿童节、端午节、七夕和父亲节,每个节日下设不同单元,有介绍节日来历的掌故传说,有由这个节日衍生出来的原创故事,有和这个节日相关的诗词歌赋,有同一节日世界各地不同的风俗习惯,也会教小朋友亲手制作节日点心、节日礼品等等,内容涵盖丰富,语言生动有趣,配以插图,是一本很好的帮助孩子认识节日、了解节日典故、进行中华传统文化渗透的儿童读物。 |
| ● |
| 相关链接 |
|
|
|
|
正题名:跟着节日去旅行
索取号:K891.1-49/351
 
预约/预借
| 序号 | 登录号 | 条形码 | 馆藏地/架位号 | 状态 | 备注 |
| 1 | 1267663 | 212676638 | 第二样本阅览室/ [索取号:K891.1-49/351] | 在馆 | |
| 2 | 1267664 | 212676647 | 第二借阅区/ [索取号:K891.1-49/351] | 在馆 | |
| 3 | 1267665 | 212676656 | 第二借阅区/ [索取号:K891.1-49/351] | 在馆 |